[Event "Titled Tue 3rd Jun Early"]
[Site "chess.com INT"]
[Date "2025.06.03"]
[Round "6"]
[White "Dubnevych, Maksym"]
[Black "Demchenko, Anton"]
[Result "0-1"]
[WhiteTitle "FM"]
[BlackTitle "GM"]
[WhiteElo "2292"]
[BlackElo "2619"]
[WhiteFideId "14184001"]
[BlackFideId "4160258"]
[EventDate "2025.06.03"]

1. Nc3 d6 2. d4 Nf6 3. e4 e5 4. Nf3 Nbd7 5. Bc4 Be7 6. O-O O-O 7. Re1 c6 8. a4
Qc7 9. Bg5 h6 10. Bh4 Re8 11. Qd2 Nf8 12. Bg3 Ng6 13. h3 Bd7 14. Nh4 Nxh4 15.
Bxh4 Rad8 16. Rad1 Bc8 17. dxe5 dxe5 18. Qe3 Qa5 19. Bb3 Qb6 20. Qf3 Rxd1 21.
Rxd1 Rd8 22. Rxd8+ Qxd8 23. Bg3 Qd4 24. Qd3 Bc5 25. Ne2 Qxd3 26. cxd3 Nd7 27.
Kf1 Kf8 28. f4 Bd6 29. fxe5 Bxe5 30. Bf2 Bxb2 31. Bxa7 Ke7 32. Be3 Ba3 33. d4
Nf6 34. e5 Nd5 35. Bxd5 cxd5 36. Nf4 Be6 37. h4 Kd7 38. Ke1 Be7 39. g3 Bb4+ 40.
Ke2 Bg4+ 41. Kd3 Kc6 42. Bd2 Be7 43. Kc3 Bf3 44. Nd3 Kb6 45. Ne1 Be4 46. Kb3 h5
47. Nc2 Bxc2+ 48. Kxc2 Kc6 49. Kd3 Bd8 50. Bb4 g6 51. Bf8 Ba5 0-1

[Event "Titled Tue 3rd Jun Early"]
[Site "chess.com INT"]
[Date "2025.06.03"]
[Round "6"]
[White "Tang, Andrew"]
[Black "Cahaya, Satria Duta"]
[Result "1-0"]
[WhiteTitle "GM"]
[BlackTitle "FM"]
[WhiteElo "2529"]
[BlackElo "2416"]
[WhiteFideId "2059630"]
[BlackFideId "7124252"]
[EventDate "2025.06.03"]

1. d4 Nf6 2. c4 g6 3. f3 d5 4. cxd5 Nxd5 5. e4 Nb6 6. Nc3 Bg7 7. Be3 O-O 8. Qd2
e5 9. d5 c6 10. h4 cxd5 11. exd5 N8d7 12. h5 Nf6 13. hxg6 fxg6 14. O-O-O Bd7 15.
Kb1 Rc8 16. Nh3 Na4 17. Ne4 Nxe4 18. fxe4 Nc5 19. Bd3 Nxd3 20. Qxd3 Qa5 21. Ng5
h5 22. Ne6 Bb5 23. Qd2 Qxd2 24. Rxd2 Rf7 25. Bxa7 Bh6 26. Rdd1 Be2 27. Rde1 Bd3+
28. Ka1 Rc4 29. Nc5 Bc2 30. b3 Rb4 31. Kb2 Rf2 32. Nd3 Bxd3+ 33. Bxf2 Bxe4 34.
d6 Bc6 35. a4 Bxa4 36. Ka3 Rf4 37. Be3 Bc6 38. Bxf4 Bxf4 39. Rhf1 g5 40. Kb4
Bd2+ 41. Kc5 Bxe1 42. Rxe1 Kf7 43. Rxe5 Kf6 44. Re2 h4 45. Kb6 Kf5 46. Kc7 Kf4
47. d7 Bxd7 48. Kxd7 g4 49. Kc7 h3 50. gxh3 gxh3 51. Kxb7 Kg3 52. b4 h2 53. Re1
Kf2 54. Rb1 Kg2 55. b5 h1=R 56. Rxh1 Kxh1 57. b6 1-0

[Event "Titled Tue 3rd Jun Early"]
[Site "chess.com INT"]
[Date "2025.06.03"]
[Round "6"]
[White "Rodriguez Polo, Mateo"]
[Black "Ugorek, Kacper"]
[Result "0-1"]
[WhiteTitle "CM"]
[BlackTitle "CM"]
[WhiteElo "2219"]
[BlackElo "2262"]
[WhiteFideId "24509396"]
[BlackFideId "21890676"]
[EventDate "2025.06.03"]

1. d4 Nf6 2. a3 g6 3. Nf3 Bg7 4. e3 O-O 5. Be2 d6 6. O-O Nbd7 7. c4 e5 8. Nc3 b6
9. Qc2 Bb7 10. b4 a5 11. bxa5 Rxa5 12. a4 Qe7 13. Ba3 exd4 14. exd4 Rfa8 15. Bb4
Rh5 16. Rfe1 Qd8 17. a5 bxa5 18. Ba3 Nb6 19. c5 dxc5 20. dxc5 Nbd5 21. Rad1 Qc8
22. c6 Bxc6 23. Nd4 Nxc3 24. Qxc3 Ba4 25. Bxh5 Nxh5 26. Rc1 Qg4 27. Bb2 Nf4 28.
g3 Nh3+ 29. Kg2 Ng5 30. Re3 Qh3+ 31. Kg1 Ne6 32. Qa3 Nxd4 33. Qxa4 Nf5 34. Re2
Qh5 35. Qe4 Rb8 36. Bxg7 Kxg7 37. Qe5+ Kg8 38. Qxa5 Qxe2 39. Qxc7 Re8 40. Qc3
Qe5 41. Qd2 Nd4 42. Kg2 Qe4+ 43. Kh3 Nf3 44. Qh6 f6 45. Kg2 Ng5+ 46. Kg1 Nf3+
47. Kg2 Ne1+ 48. Kh3 Qf5+ 49. Kh4 Ng2# 0-1

[Event "Titled Tue 3rd Jun Early"]
[Site "chess.com INT"]
[Date "2025.06.03"]
[Round "6"]
[White "Norowitz, Yaacov"]
[Black "Shevchenko, Yaroslav"]
[Result "1-0"]
[WhiteTitle "IM"]
[WhiteElo "2400"]
[BlackElo "2137"]
[WhiteFideId "2024799"]
[BlackFideId "34144684"]
[EventDate "2025.06.03"]

1. d4 e6 2. Nf3 c5 3. c3 Nc6 4. Bf4 Nf6 5. e3 Be7 6. Nbd2 O-O 7. Be2 b6 8. O-O
Nh5 9. Bg3 Nxg3 10. hxg3 Bb7 11. Re1 Rc8 12. a3 d5 13. b4 Bf6 14. Rb1 Qe7 15.
Bf1 Rfd8 16. Qa4 c4 17. e4 dxe4 18. Nxe4 a6 19. b5 axb5 20. Qxb5 Qxa3 21. Qxb6
Ba8 22. Ra1 Qb3 23. Reb1 Qxb6 24. Rxb6 Be7 25. Rxa8 Rxa8 26. Rxc6 Rac8 27. Rxc4
Rxc4 28. Bxc4 Rc8 29. Ba6 Rc6 30. Bb5 Rc7 31. c4 Bb4 32. g4 Kf8 33. Ne5 f6 34.
Nd7+ Ke7 35. Ndc5 Bxc5 36. Nxc5 Kd6 37. Ne4+ Ke7 38. Kf1 Ra7 39. Ke2 Ra3 40. d5
exd5 41. cxd5 g6 42. Bc4 f5 43. gxf5 gxf5 44. Ng3 Kf6 45. Nf1 Ke5 46. Nd2 Rc3
47. g3 h6 48. Nf3+ Ke4 49. Bd3+ Rxd3 50. Nd2+ Kd4 51. d6 Kc3 52. Nf1 Rxd6 53.
Ne3 Rf6 54. Nd5+ Kd4 55. Nxf6 Ke5 56. Nh5 Ke4 57. Nf4 Ke5 58. f3 Kf6 59. Ng2 Kg5
60. Kf2 Kf6 61. f4 Ke6 62. Kf3 Kf6 63. Nh4 Ke6 64. Ke3 Kf6 65. Kd4 Ke6 66. Kc5
Kf6 67. Kd5 Ke7 68. Nxf5+ Kf6 69. Nxh6 Kg6 70. Ng4 Kf5 71. Nf2 Kf6 72. Ke4 Kg6
73. Kf3 Kf6 74. g4 Kg6 75. Kg3 Kf6 76. Kh4 Kg6 77. f5+ Kf6 78. Nd3 Kf7 79. g5
Kg7 80. Kg4 Kf7 81. Kf4 Kg7 82. Ke5 Kf7 83. g6+ Kg7 84. Nf2 Kf8 85. Kf4 Kg7 86.
Kg5 Kg8 87. Nd1 Kf8 88. f6 Kg8 89. Kf5 Kf8 90. Ke6 Ke8 91. g7 Kd8 92. f7 Kc7 93.
f8=Q Kc6 94. Qc8+ Kb5 95. Nf2 Ka5 96. Kd5 Kb4 97. Kd4 Kb5 98. Qb7+ Ka5 99. Kc4
Ka4 100. Qa7# 1-0

[Event "Titled Tue 3rd Jun Early"]
[Site "chess.com INT"]
[Date "2025.06.03"]
[Round "6"]
[White "Dambaev, Dashi"]
[Black "Kleiman, Jake"]
[Result "1-0"]
[WhiteTitle "CM"]
[BlackTitle "IM"]
[WhiteElo "2211"]
[BlackElo "2399"]
[WhiteFideId "55628494"]
[BlackFideId "2020041"]
[EventDate "2025.06.03"]

1. d4 Nf6 2. c4 e6 3. Nf3 Bb4+ 4. Bd2 Bxd2+ 5. Qxd2 O-O 6. Nc3 d5 7. cxd5 exd5
8. e3 Re8 9. Bd3 Nc6 10. O-O Ne4 11. Qc2 Bf5 12. a3 Qd6 13. Rac1 h6 14. Na4 Bg4
15. Be2 Rac8 16. Nc5 Nxc5 17. Qxc5 Qxc5 18. Rxc5 Ne7 19. Rfc1 c6 20. b4 f6 21.
Kf1 Bd7 22. a4 a6 23. a5 Nf5 24. Ne1 Nd6 25. Nd3 Bf5 26. g4 Bxd3 27. Bxd3 g5 28.
Ke2 Rcd8 29. Rh1 Kg7 30. h4 Rh8 31. f3 Rdf8 32. Rcc1 Re8 33. Kf2 Re7 34. Rce1
Rf7 35. Re2 f5 36. gxf5 Nxf5 37. hxg5 hxg5 38. Rxh8 Kxh8 39. Bxf5 Rxf5 40. Kg3
Kg7 41. e4 dxe4 42. fxe4 Rf4 43. Re3 Kg6 44. Re2 Rf1 45. d5 cxd5 46. exd5 Rd1
47. Re7 Rxd5 48. Rxb7 Rf5 49. Rb6+ Rf6 50. Rxf6+ Kxf6 51. b5 1-0

[Event "Titled Tue 3rd Jun Early"]
[Site "chess.com INT"]
[Date "2025.06.03"]
[Round "6"]
[White "Putnam, Liam"]
[Black "Csonka, Balazs"]
[Result "0-1"]
[WhiteTitle "IM"]
[BlackTitle "IM"]
[WhiteElo "2443"]
[BlackElo "2469"]
[WhiteFideId "30938279"]
[BlackFideId "742910"]
[EventDate "2025.06.03"]

1. d4 Nf6 2. Nc3 d5 3. Bf4 e6 4. Nb5 Bb4+ 5. c3 Ba5 6. a4 a6 7. b4 Nc6 8. Na3
Bb6 9. e3 O-O 10. Nf3 a5 11. b5 Ne7 12. c4 c5 13. Be5 Ng6 14. Be2 Nxe5 15. dxe5
Ne4 16. Qc2 f5 17. Rd1 d4 18. O-O Qe7 19. exd4 cxd4 20. Nb1 Rd8 21. Nbd2 Nc3 22.
Nb3 Nxd1 23. Rxd1 Bd7 24. c5 Rac8 25. Rxd4 Bxc5 26. Nxc5 Qxc5 27. Qxc5 Rxc5 28.
h4 h6 29. Rd6 Kf8 30. Nd4 Ke7 31. f4 Bc8 32. Rxd8 Kxd8 33. Kf2 Rc3 34. g4 fxg4
35. Bxg4 Ke7 36. Be2 Ra3 37. b6 Rxa4 38. Nb5 Rxf4+ 39. Ke3 Rb4 40. Nd6 Bd7 41.
Bf3 Rxb6 42. Bxb7 Rxd6 43. exd6+ Kxd6 44. Ba6 Ke5 45. Bc4 a4 46. Ba2 Bc6 47. h5
Bd5 48. Bb1 a3 49. Kd2 a2 50. Bxa2 Bxa2 51. Ke3 Bd5 52. Kd3 Kf6 53. Ke3 Kg5 54.
Kf2 Kxh5 55. Ke3 Kg4 56. Kf2 e5 57. Kg1 h5 58. Kf1 h4 59. Ke1 Kg3 60. Kd2 h3 61.
Kc3 h2 62. Kb4 h1=N 63. Kc5 Bf3 0-1

[Event "Titled Tue 3rd Jun Early"]
[Site "chess.com INT"]
[Date "2025.06.03"]
[Round "6"]
[White "Tulendinov, Dinmukhammed"]
[Black "Kravtsiv, Martyn"]
[Result "1-0"]
[WhiteTitle "FM"]
[BlackTitle "GM"]
[WhiteElo "2124"]
[BlackElo "2598"]
[WhiteFideId "13730860"]
[BlackFideId "14113147"]
[EventDate "2025.06.03"]

1. e4 e5 2. Nf3 Nc6 3. Bb5 a6 4. Ba4 Nf6 5. O-O Be7 6. d3 b5 7. Bb3 d6 8. a4 b4
9. Re1 O-O 10. h3 Na5 11. Ba2 c5 12. Nbd2 Be6 13. c3 Bxa2 14. Rxa2 Rb8 15. cxb4
Rxb4 16. b3 Qb8 17. Ba3 Rb7 18. Rb2 Ne8 19. Qc2 Nc7 20. Reb1 Nc6 21. Nc4 Ne6 22.
Qd2 f5 23. b4 fxe4 24. dxe4 Rxf3 25. Qd5 Rf7 26. bxc5 Rxb2 27. Rxb2 Qc8 28. Nb6
Qe8 29. cxd6 Nf4 30. d7 Qf8 31. Bxe7 Qxe7 32. Qxc6 h5 33. Rd2 Rf8 34. Qc8 Nxh3+
35. Kf1 Rd8 36. gxh3 Kh7 37. Qc3 Qg5 38. Qe3 Qf6 39. Rd3 Rf8 40. Nc4 Qe6 41. Nd2
Rd8 42. Qg5 Rxd7 43. Qxh5+ Kg8 44. Rxd7 Qxd7 45. Nf3 Qxa4 46. Qxe5 Qc2 47. Kg2
Kf8 48. Ng5 Qc6 49. Qf5+ Ke7 50. Qe5+ Kf8 51. Ne6+ 1-0

[Event "Titled Tue 3rd Jun Early"]
[Site "chess.com INT"]
[Date "2025.06.03"]
[Round "6"]
[White "Grodotzki, Kenneth"]
[Black "Zaw, Ye Htut"]
[Result "1/2-1/2"]
[WhiteTitle "CM"]
[BlackTitle "CM"]
[WhiteElo "1984"]
[BlackElo "2180"]
[WhiteFideId "4648560"]
[BlackFideId "13013955"]
[EventDate "2025.06.03"]

1. f4 d5 2. Nf3 e6 3. g3 f5 4. Bg2 Nf6 5. O-O Be7 6. d3 O-O 7. Qe1 c5 8. Nbd2
Nc6 9. c3 d4 10. Nc4 Nd5 11. Bd2 Bf6 12. Rb1 Rb8 13. Kh1 b5 14. Na3 dxc3 15.
bxc3 Qa5 16. c4 Qxa3 17. cxd5 exd5 18. Ne5 Bxe5 19. Bxd5+ Be6 20. Bxe6+ Kh8 21.
fxe5 Nd4 22. Bd5 Rbd8 23. Bg2 Rfe8 24. Bf4 Qxa2 25. e3 Nc2 26. Qe2 b4 27. Ra1
Qb3 28. Rac1 Na3 29. Rxc5 Rxd3 30. e4 fxe4 31. Bxe4 Rc3 32. Ra5 Qc4 33. Qg2 a6
34. Qh3 Qxe4+ 35. Kg1 Qd4+ 36. Kh1 Nc4 37. Rxa6 Qe4+ 38. Qg2 Qxg2+ 39. Kxg2 Ne3+
40. Bxe3 Rxe3 41. Rb6 b3 42. Rf3 Rxf3 43. Kxf3 h6 44. Rxb3 Rxe5 45. Kf4 Ra5 46.
g4 Kh7 47. Re3 Ra4+ 48. Re4 Rxe4+ 49. Kxe4 Kg6 50. Kf4 Kf6 51. h4 g6 52. Ke4 g5
53. h5 Ke6 54. Kd4 Kd6 55. Ke4 Ke6 56. Kd4 Kd6 57. Ke4 Ke6 1/2-1/2

[Event "Titled Tue 3rd Jun Early"]
[Site "chess.com INT"]
[Date "2025.06.03"]
[Round "6"]
[White "Lagunov, Evgenij"]
[Black "Arya G Mallar"]
[Result "1-0"]
[WhiteTitle "FM"]
[BlackTitle "WCM"]
[WhiteElo "2201"]
[BlackElo "2014"]
[WhiteFideId "4125363"]
[BlackFideId "25115324"]
[EventDate "2025.06.03"]

1. e4 c5 2. Nf3 d6 3. d4 cxd4 4. Nxd4 Nf6 5. Nc3 g6 6. g3 Bg7 7. Bg2 O-O 8. O-O
Nc6 9. Nxc6 bxc6 10. h3 Nd7 11. Bd2 Rb8 12. Rb1 Ne5 13. b3 Be6 14. Re1 Qc8 15.
Kh2 Qa6 16. Na4 Rfc8 17. f4 Nd7 18. c4 Nb6 19. Nxb6 Qxb6 20. Qf3 Qa6 21. f5 Bd7
22. a4 Rb7 23. Bg5 Be8 24. f6 exf6 25. Bxf6 Bxf6 26. Qxf6 Rd7 27. Red1 Rcd8 28.
e5 dxe5 29. Rxd7 Rxd7 30. Qxe5 Rd8 31. Qe7 Qb6 32. b4 Qd4 33. Rc1 a6 34. a5 Rb8
35. Qe1 Bd7 36. Rd1 Qxc4 37. Rxd7 Rxb4 38. Rd8+ Kg7 39. Qe5+ Kh6 40. Rg8 Qd4 41.
Qe7 Qd5 42. Bxd5 cxd5 43. Qh4+ Rxh4 44. gxh4 d4 45. Rd8 f5 46. Rxd4 Kh5 47. Kg3
h6 48. Rd5 g5 49. hxg5 hxg5 50. Rxf5 Kg6 51. Rc5 Kh6 52. Rc6+ Kh7 53. Rxa6 Kh8
54. Ra7 g4 55. Rb7 Kg8 56. a6 Kh8 57. a7 gxh3 58. a8=Q# 1-0

[Event "Titled Tue 3rd Jun Early"]
[Site "chess.com INT"]
[Date "2025.06.03"]
[Round "6"]
[White "Heymann, Samuel"]
[Black "Silva Lucena, Cristian"]
[Result "0-1"]
[WhiteTitle "CM"]
[BlackTitle "FM"]
[WhiteElo "2226"]
[BlackElo "2257"]
[WhiteFideId "4645707"]
[BlackFideId "2232588"]
[EventDate "2025.06.03"]

1. d4 Nf6 2. Nf3 c5 3. d5 e6 4. c4 exd5 5. cxd5 d6 6. Nc3 g6 7. Bf4 Bg7 8. e3
O-O 9. h3 a6 10. a4 Qa5 11. Qd2 Qc7 12. Be2 Nbd7 13. O-O Re8 14. a5 Rb8 15. Bh2
b5 16. axb6 Rxb6 17. Ra2 Ne4 18. Nxe4 Rxe4 19. Rc1 Reb4 20. Rc2 Nf6 21. Qc1 Nxd5
22. Rd2 Be6 23. Ng5 Nf4 24. Nxe6 Nxe2+ 25. Rxe2 fxe6 26. Rd2 Qc6 27. Rxd6 Qb5
28. Rxb6 Qxb6 29. Bg3 Rxb2 30. Rxb2 Bxb2 31. Qc4 a5 32. Qa4 Bf6 33. Qd7 c4 34.
Qc8+ Kf7 35. Qxc4 Be7 36. Be5 Qb4 37. Qc7 Qb1+ 38. Kh2 Qf5 39. Qxa5 Qxf2 40. Bf4
Qc2 41. Qe5 Qf5 42. Qh8 Bf6 43. Qxh7+ Bg7 44. Qh4 Bf6 45. Qg3 g5 46. Bd6 e5 47.
Qf3 Ke6 48. Qxf5+ Kxf5 49. g4+ Ke4 50. Bc5 Kf3 0-1

[Event "Titled Tue 3rd Jun Early"]
[Site "chess.com INT"]
[Date "2025.06.03"]
[Round "6"]
[White "Kovalchuk, Alexey"]
[Black "Ser, Daniel"]
[Result "1-0"]
[WhiteTitle "FM"]
[BlackTitle "CM"]
[WhiteElo "2304"]
[BlackElo "2005"]
[WhiteFideId "24154385"]
[BlackFideId "12829404"]
[EventDate "2025.06.03"]

1. d4 Nf6 2. c4 e5 3. dxe5 Ng4 4. Nf3 Bc5 5. e3 Nc6 6. Nc3 O-O 7. Be2 Re8 8. O-O
Ncxe5 9. Nxe5 Nxe5 10. Na4 Bf8 11. b3 d6 12. Bb2 Bd7 13. Nc3 Re6 14. f4 Nc6 15.
Nd5 f5 16. Bd3 g6 17. Qd2 Bg7 18. Bxg7 Kxg7 19. Rae1 Ne7 20. Qc3+ Kf7 21. e4 c6
22. exf5 Nxf5 23. Bxf5 gxf5 24. Rxe6 Bxe6 25. Ne3 Qf6 26. Qd2 Rd8 27. Re1 d5 28.
cxd5 Bxd5 29. Qf2 Be4 30. h3 Rd3 31. Kh2 Qd6 32. Re2 Qf6 33. Nc4 Rd8 34. Ne5+
Ke7 35. Qxa7 c5 36. Qxc5+ Qd6 37. Qxd6+ Rxd6 38. g4 Kf6 39. g5+ Ke6 40. h4 Rd1
41. Kg3 Rg1+ 42. Kf2 Rh1 43. Ke3 Rxh4 44. Rd2 Rh3+ 45. Kd4 Rh4 46. Rf2 Rh1 47.
Kc5 Rc1+ 48. Kb6 Rb1 49. Nc4 Rh1 50. Na5 h6 51. g6 Rg1 52. Nxb7 Rxg6 53. Nc5+
Kd5+ 54. Kb5 h5 55. Rd2+ Bd3+ 56. Rxd3# 1-0

[Event "Titled Tue 3rd Jun Early"]
[Site "chess.com INT"]
[Date "2025.06.03"]
[Round "6"]
[White "Harriott, Tyrell"]
[Black "Aarav Sinha"]
[Result "0-1"]
[BlackTitle "FM"]
[WhiteElo "1924"]
[BlackElo "2255"]
[WhiteFideId "2086484"]
[BlackFideId "25674064"]
[EventDate "2025.06.03"]

1. d4 Nf6 2. e3 d5 3. Bd3 e6 4. f4 c5 5. c3 Be7 6. Nd2 O-O 7. Nh3 b6 8. Qe2 Bb7
9. Nf2 Nc6 10. O-O cxd4 11. exd4 Bd6 12. Nf3 Ne7 13. Ne5 h5 14. g3 g6 15. h3 Nf5
16. Kh2 Kg7 17. Rg1 Qe7 18. Bd2 a6 19. Rg2 b5 20. a3 Rac8 21. Rag1 Rh8 22. Be1
Ng4+ 23. Nfxg4 hxg4 24. Rh1 Rxh3+ 25. Kg1 Rch8 26. Rgh2 Nxg3 27. Qxg4 Rxh2 28.
Rxh2 Rxh2 29. Kxh2 Nf5 30. Bf2 f6 31. Nxg6 Qe8 32. Nh4+ Kf7 33. Nxf5 exf5 34.
Bxf5 Qh8+ 35. Kg2 Qg7 36. Kf3 Qh6 37. Bh4 Bf8 38. Be6+ Ke7 39. Bf5 Qg7 40. Bg6
Bc6 41. f5 Bd7 42. Qf4 Qh6 43. Qg3 Qd2 44. Qg2 Qd1+ 45. Kg3 Qd3+ 46. Kh2 Bxf5
47. Bh5 Be4 48. Qg3 Qc2+ 49. Kh3 Qxb2 50. Qc7+ Ke6 51. Bg4+ f5 52. Bh5 Qg2# 0-1

[Event "Titled Tue 3rd Jun Early"]
[Site "chess.com INT"]
[Date "2025.06.03"]
[Round "6"]
[White "Sonis, Francesco"]
[Black "Harshavardhan, G B"]
[Result "0-1"]
[WhiteTitle "GM"]
[BlackTitle "IM"]
[WhiteElo "2570"]
[BlackElo "2441"]
[WhiteFideId "895733"]
[BlackFideId "25059009"]
[EventDate "2025.06.03"]

1. Nf3 c5 2. g3 g6 3. Bg2 Bg7 4. O-O Nc6 5. c4 e5 6. Ne1 d6 7. Nc2 Nge7 8. Ne3
Be6 9. Nc3 Qd7 10. Ned5 O-O 11. Re1 Bh3 12. Bh1 Nxd5 13. Nxd5 f5 14. d3 f4 15.
e3 fxg3 16. hxg3 Qf5 17. Qe2 Bg4 18. Qf1 Kh8 19. Bd2 Qh5 20. Bc3 Bf3 21. Bxf3
Rxf3 22. Qg2 Raf8 23. Rf1 Qg4 24. e4 Bh6 25. Rae1 Rxd3 26. Qh2 Bg5 27. Ne3 Bxe3
28. fxe3 Rxf1+ 29. Kxf1 Qxe4 30. Qf2 Kg7 31. Kg1 Qf5 32. Qxf5 gxf5 33. Kf2 Kg6
34. Ke2 e4 35. g4 fxg4 36. Rf1 h5 37. Rf4 d5 38. cxd5 Rxd5 39. Rxe4 Kg5 40. Re6
h4 41. e4 Nd4+ 42. Kd3 Nxe6+ 43. exd5 Nc7 44. d6 Ne6 45. Ke4 h3 46. Be5 Nf8 47.
Kd5 Kf5 48. Bg3 Nd7 49. a4 b6 50. Bh2 Nf6+ 51. Kc6 Ke6 52. Kb7 Kd7 53. Kxa7 Kc6
54. Kb8 Ne4 55. Ka7 Nxd6 56. a5 bxa5 0-1

[Event "Titled Tue 3rd Jun Early"]
[Site "chess.com INT"]
[Date "2025.06.03"]
[Round "6"]
[White "Jiganchine, Roman"]
[Black "Baules Rodriguez, Jorge Luis"]
[Result "1-0"]
[WhiteTitle "CM"]
[BlackTitle "IM"]
[WhiteElo "2205"]
[BlackElo "2257"]
[WhiteFideId "2603667"]
[BlackFideId "6600247"]
[EventDate "2025.06.03"]

1. Nf3 Nf6 2. c4 g6 3. Nc3 Bg7 4. e4 d6 5. d4 O-O 6. Be2 e5 7. O-O Nc6 8. d5 Ne7
9. b4 Nh5 10. Re1 f5 11. Ng5 Nf6 12. Bf3 c6 13. Be3 h6 14. Ne6 Bxe6 15. dxe6
fxe4 16. Nxe4 Nxe4 17. Bxe4 Rf6 18. Qg4 Qc8 19. Rad1 Qxe6 20. Qxe6+ Rxe6 21. b5
a6 22. bxc6 bxc6 23. Rb1 d5 24. cxd5 cxd5 25. Bc2 Kh7 26. Rb7 Nf5 27. Bb6 e4 28.
Bb3 Rd6 29. Rc1 Rg8 30. Rcc7 Kh8 31. Kf1 h5 32. Bc5 Rf6 33. Ke1 Rd8 34. h3 h4
35. Be7 Nxe7 36. Rxe7 Rg8 37. Bxd5 Rff8 38. Bxg8 Rxg8 39. Ke2 Kh7 40. a4 Kh6 41.
a5 Bf6 42. Rh7+ Kg5 43. Rb6 Rc8 44. Rxa6 Rc2+ 45. Ke1 Rc1+ 46. Kd2 Ra1 47. Raa7
Ra2+ 48. Ke3 Ra3+ 49. Kxe4 Ra4+ 50. Kd5 Bd4 51. Rad7 Bxf2 52. Rhf7 Rxa5+ 53. Kc6
Ra2 54. Rf3 Rc2+ 55. Kb5 Kh6 56. Rd5 Rb2+ 57. Kc4 Be1 58. Kd3 Bg3 59. Ke4 Rb4+
60. Rd4 Ra4 61. Rxa4 1-0

[Event "Titled Tue 3rd Jun Early"]
[Site "chess.com INT"]
[Date "2025.06.03"]
[Round "6"]
[White "Piddubna, Bozhena"]
[Black "Newansa, M Esandi"]
[Result "0-1"]
[WhiteTitle "WFM"]
[BlackTitle "WCM"]
[WhiteElo "2174"]
[BlackElo "1947"]
[WhiteFideId "34109293"]
[BlackFideId "9999060"]
[EventDate "2025.06.03"]

1. d4 d5 2. c4 c6 3. Nf3 Nf6 4. g3 Bf5 5. Nc3 e6 6. Nh4 Bg4 7. f3 Bh5 8. Qb3 Qd7
9. Be3 Be7 10. Ng2 Na6 11. Nf4 Nb4 12. Rc1 dxc4 13. Qxc4 Nbd5 14. Ncxd5 exd5 15.
Qb3 O-O 16. Bg2 Rfe8 17. O-O b5 18. Nxh5 Nxh5 19. Bf2 Bg5 20. Rc2 Re6 21. e4
dxe4 22. fxe4 Rae8 23. Bh3 Nf6 24. d5 cxd5 25. exd5 Qxd5 26. Qxd5 Nxd5 27. Bxe6
fxe6 28. Bxa7 Ra8 29. Bd4 Be3+ 30. Bxe3 Nxe3 31. Rfc1 Nxc2 32. Rxc2 Rxa2 33. Kf2
Kf7 34. Ke3 Kf6 35. Ke4 Ra4+ 36. Ke3 Rb4 37. Kf3 Kf5 38. h3 h5 39. g4+ hxg4+ 40.
hxg4+ Kf6 41. Re2 e5 42. Rc2 Rb3+ 43. Ke4 Rb4+ 44. Kf3 Kg5 45. Rc5 Rb3+ 46. Ke4
Rxb2 47. Rc1 Re2+ 48. Kf3 Rd2 49. Rc5 Rd3+ 50. Ke4 Rb3 51. Rc1 Rb4+ 52. Kxe5
Rxg4 53. Rb1 b4 54. Rb3 Kh4 55. Kf5 g5 56. Rb1 Rf4+ 57. Ke5 Rc4 58. Kf5 g4 59.
Rh1+ Kg3 60. Rg1+ Kf3 61. Rf1+ Kg2 62. Rb1 g3 63. Rb2+ Kh3 64. Rb3 Kh2 65. Rb2+
g2 66. Ra2 Kh1 0-1

[Event "Titled Tue 3rd Jun Early"]
[Site "chess.com INT"]
[Date "2025.06.03"]
[Round "6"]
[White "Karimova, Guldona"]
[Black "Zhakshylykov, Erzhan"]
[Result "0-1"]
[WhiteTitle "WIM"]
[BlackTitle "IM"]
[WhiteElo "2265"]
[BlackElo "2362"]
[WhiteFideId "14210410"]
[BlackFideId "13804111"]
[EventDate "2025.06.03"]

1. e4 c5 2. Nf3 e6 3. d4 cxd4 4. Nxd4 Nc6 5. Nc3 Qc7 6. Be3 a6 7. Qf3 Nf6 8.
O-O-O b5 9. Qg3 Qxg3 10. hxg3 Bb7 11. Nxc6 Bxc6 12. f3 b4 13. Ne2 d5 14. e5 Nd7
15. f4 Bb5 16. Kb1 g6 17. Nc1 Bxf1 18. Rdxf1 Bc5 19. Bxc5 Nxc5 20. Nb3 Ne4 21.
Rf3 Ke7 22. Kc1 h5 23. Nd2 Nc5 24. Nb3 Rhc8 25. Nxc5 Rxc5 26. Kd2 Rac8 27. Rc1
Ra5 28. Rb3 Rc4 29. a3 bxa3 30. bxa3 Rc7 31. Rcb1 Rac5 32. R1b2 Kd7 33. Rb6 R5c6
34. a4 Rc4 35. Rd6+ Ke7 36. Rxa6 h4 37. gxh4 Rxf4 38. Rab6 Rxa4 39. Rb7 Kd7 40.
Rxc7+ Kxc7 41. g3 Re4 42. Ra2 Kb7 43. Rb2+ Kc6 44. Ra2 Rxe5 45. Ra6+ Kc5 46. Ra7
Rf5 47. Rd7 Kd4 48. c3+ Ke4 49. Re7 Rf3 50. c4 dxc4 51. g4 c3+ 52. Kc2 e5 53. h5
gxh5 54. gxh5 f5 55. h6 Rh3 56. h7 f4 57. Rf7 f3 0-1

[Event "Titled Tue 3rd Jun Early"]
[Site "chess.com INT"]
[Date "2025.06.03"]
[Round "6"]
[White "Levano Loayza, Adriano Jaffet"]
[Black "Nanugonda, Vishva"]
[Result "0-1"]
[WhiteTitle "CM"]
[WhiteElo "2049"]
[BlackElo "2135"]
[WhiteFideId "3865584"]
[BlackFideId "30961335"]
[EventDate "2025.06.03"]

1. d4 d5 2. c4 c6 3. e3 Nf6 4. Nc3 e6 5. b3 Nbd7 6. Bb2 Bd6 7. Bd3 O-O 8. Nge2
b6 9. Ng3 Bb7 10. e4 dxc4 11. bxc4 e5 12. d5 cxd5 13. cxd5 Nc5 14. O-O Bc8 15.
Bc2 Bd7 16. Nce2 Qc7 17. Rc1 Rac8 18. Qd2 Qb8 19. f4 Rfe8 20. f5 h6 21. Qe3 Nh7
22. Nh5 f6 23. Kh1 Re7 24. Rg1 Be8 25. Qf3 Ng5 26. Qg4 Ncxe4 27. Bxe4 Bxh5 28.
Qxh5 Nxe4 29. h3 Nf2+ 30. Kh2 e4+ 31. g3 Nd3 32. Rxc8+ Qxc8 33. Bd4 Qc4 34. Qg6
Qxa2 35. Qh5 Qxd5 36. h4 Bc5 37. Bxc5 Qxc5 38. Rf1 a5 39. g4 Qe5+ 40. Kh1 e3 41.
g5 Nf2+ 42. Kg1 Qe4 43. Ng3 Qf4 44. Kh2 hxg5 45. hxg5 Qxg5 46. Qxg5 fxg5 47. Nh5
e2 48. Re1 Nd3 49. f6 Re4 50. Rb1 e1=Q 51. Rxe1 Nxe1 52. fxg7 Rh4+ 53. Kg3 Rxh5
54. Kg4 Rh7 55. Kxg5 Rxg7+ 0-1

[Event "Titled Tue 3rd Jun Early"]
[Site "chess.com INT"]
[Date "2025.06.03"]
[Round "6"]
[White "Porozhnyak, Maya"]
[Black "Kalyani Sirin"]
[Result "0-1"]
[WhiteTitle "WCM"]
[BlackTitle "WFM"]
[WhiteElo "1974"]
[BlackElo "2136"]
[WhiteFideId "34115843"]
[BlackFideId "33323500"]
[EventDate "2025.06.03"]

1. e4 e5 2. Nf3 Nc6 3. d4 exd4 4. c3 d5 5. exd5 Qxd5 6. Nxd4 Nxd4 7. cxd4 Nf6 8.
Nc3 Qd8 9. Be2 Be7 10. O-O O-O 11. Be3 c6 12. Qc2 Be6 13. a3 Nd5 14. Nxd5 Bxd5
15. Bd3 h6 16. Rfe1 Bf6 17. Qd2 Qd7 18. h3 Rfe8 19. Re2 Re7 20. Rae1 Rae8 21. b4
Be4 22. Bc4 Qf5 23. f3 Bd5 24. Bd3 Qd7 25. Bf2 Rxe2 26. Rxe2 Re7 27. Qe1 Be6 28.
Qc3 Qd8 29. Bc2 Rd7 30. Rd2 Bg5 31. Rd1 Qf6 32. Qd3 g6 33. Re1 Bf4 34. g3 Bc7
35. Kg2 Bb6 36. Qd2 Bxd4 37. Bxd4 Rxd4 38. Qxh6 Rc4 39. Bd1 Qb2+ 40. Re2 Qd4 41.
Rd2 Qf6 42. Qe3 b6 43. Be2 Rc3 44. Rd3 Rxd3 45. Qxd3 Bd5 46. h4 Qe5 47. Qe3 Qxe3
48. Kf1 Bxf3 49. Bc4 Bd5 50. Be2 Qxg3 51. Ba6 Bg2+ 52. Ke2 Bf3+ 53. Kd2 Qf2+ 54.
Kc3 c5 55. bxc5 bxc5 56. Bc4 Be4 57. Kb3 Qc2# 0-1